[Event "Vaxjo op"]
[Site "Vaxjo"]
[Date "2023.02.12"]
[Round "7"]
[White "Sevastianov, Andrii"]
[Black "Berg, Roy"]
[Result "1-0"]
[WhiteElo "2160"]
[BlackElo "1948"]
[PlyCount "179"]
[EventDate "2023.02.10"]
[EventType "swiss"]
[EventRounds "8"]
[EventCountry "SWE"]
[SourceTitle "CBM 212 Extra"]
[Source "ChessBase"]
[SourceDate "2023.03.31"]
[SourceVersion "1"]
[SourceVersionDate "2023.03.31"]
[SourceQuality "1"]

1. e4 c6 2. d4 d5 3. exd5 cxd5 4. Bd3 Nc6 5. c3 Nf6 6. h3 e5 7. dxe5 Nxe5 8. Nf3 Nxd3+ 9. Qxd3 Be7 10. 0-0 0-0 11. Be3 Re8 12. Nbd2 b6 13. Rfe1 Bb7 14. Bg5 Ne4 15. Bxe7 Qxe7 16. Nf1 Qf6 17. Rad1 Rad8 18. Qc2 h5 19. Nd4 a6 20. Re3 Ng5 21. Qe2 Rxe3 22. Qxe3 Ne6 23. Nxe6 Qxe6 24. Qd4 b5 25. a3 g6 26. Ne3 Kh7 27. Qf4 Rd7 28. Rd4 Kg7 29. Qf3 Qe5 30. Qd1 Qe6 31. a4 Bc6 32. axb5 axb5 33. Qb3 Ra7 34. Qd1 Rd7 35. Rd2 Qe4 36. Nc2 Re7 37. Nd4 Be8 38. Re2 Qh4 39. Qe1 Re4 40. Rxe4 Qxe4 41. Qe2 Qxe2 42. Nxe2 Kf6 43. f3 Ke5 44. Kf2 b4 45. Ke3 bxc3 46. f4+ Kd6 47. bxc3 Bb5 48. Nd4 Bf1 49. Kf2 Bd3 50. g4 hxg4 51. hxg4 Kc5 52. Ke3 Bc4 53. g5 Kd6 54. Nf3 Ba2 55. Ne5 Ke6 56. Nc6 Kd6 57. Nb4 Bb3 58. Kd4 Bc4 59. Nc2 Bb3 60. Ne3 Ke6 61. Kc5 Ba2 62. Nc2 Bc4 63. Nd4+ Kd7 64. Nc6 Ba2 65. Nb4 Bb3 66. Nxd5 Ke6 67. Ne3 f6 68. Kd4 fxg5 69. fxg5 Ba2 70. Ke4 Bb1+ 71. Kf4 Bd3 72. Ng4 Kd5 73. Ne5 Bf5 74. Nf7 Bb1 75. Nd8 Kc4 76. Ke5 Kxc3 77. Kf6 Kd4 78. Ne6+ Ke3 79. Nf8 Kf4 80. Nxg6+ Kg4 81. Ne5+ Kh5 82. Nf3 Kg4 83. Nd4 Bh7 84. Nc6 Kh5 85. Ne7 Kg4 86. Ng6 Bg8 87. Ne5+ Kh5 88. g6 Kh6 89. Nf7+ Kh5 90. Kg7 1-0

[Event "Helsingor Kronborg Master-2"]
[Site "Helsingor"]
[Date "2022.05.26"]
[Round "6"]
[White "Bergsson, Stefan"]
[Black "Sevastianov, Andrii"]
[Result "0-1"]
[WhiteElo "2090"]
[BlackElo "2108"]
[PlyCount "77"]
[EventDate "2022.05.26"]
[EventType "tourn"]
[EventRounds "7"]
[EventCountry "DEN"]
[SourceTitle "CBM 208 Extra"]
[Source "ChessBase"]
[SourceDate "2022.07.31"]
[SourceVersion "1"]
[SourceVersionDate "2022.07.31"]
[SourceQuality "1"]

1. d4 d5 2. c4 e6 3. Nc3 Nf6 4. cxd5 exd5 5. Bg5 c6 6. e3 Be7 7. Qc2 Nbd7 8. Bd3 h6 9. Bh4 Nh5 10. Bxe7 Qxe7 11. 0-0-0 Nb6 12. Kb1 Nf6 13. h3 Be6 14. Nf3 0-0-0 15. Na4 Nxa4 16. Qxa4 Kb8 17. Rc1 Ne4 18. Rc2 Bf5 19. Rd1 f6 20. Ka1 g5 21. Ne1 h5 22. Bxe4 Bxe4 23. Rc3 g4 24. hxg4 hxg4 25. f3 gxf3 26. gxf3 Bf5 27. Ra3 a6 28. Qa5 Rh1 29. e4 Re8 30. Re3 Qg7 31. Rb3 dxe4 32. d5 cxd5 33. f4 Qd7 34. a3 e3 35. Ka2 d4 36. Rb6 d3 37. Qxa6 d2 38. Nc2 Rxd1 39. Nb4 0-1

[Event "SWE-chT 1920 Elite"]
[Site "Sweden"]
[Date "2019.10.18"]
[Round "1.2"]
[White "Moreau, Teodor"]
[Black "Sevastianov, Andrii"]
[Result "1/2-1/2"]
[WhiteElo "2339"]
[BlackElo "2118"]
[PlyCount "132"]
[EventDate "2019.10.18"]
[EventType "team-tourn"]
[EventRounds "9"]
[EventCountry "SWE"]
[SourceTitle "CBM 192 Extra"]
[Source "Chessbase"]
[SourceDate "2019.11.06"]
[SourceVersion "1"]
[SourceVersionDate "2019.11.06"]
[SourceQuality "1"]
[WhiteTeam "Wasa"]
[BlackTeam "Vaxjo"]
[WhiteTeamCountry "SWE"]
[BlackTeamCountry "SWE"]

1. d4 Nf6 2. c4 g6 3. Nc3 Bg7 4. e4 d6 5. Be2 0-0 6. Nf3 e5 7. 0-0 Nc6 8. d5 Ne7 9. Nd2 Ne8 10. b4 f5 11. c5 g5 12. exf5 Nxf5 13. Nde4 h6 14. Bd2 Nd4 15. Bg4 c6 16. dxc6 Bxg4 17. Qxg4 d5 18. cxb7 Rb8 19. Ng3 Rxb7 20. Rab1 Rf3 21. Nh5 Rd3 22. Rfd1 e4 23. Be1 Rxd1 24. Qxd1 Be5 25. Qg4 Rf7 26. Rd1 Nc7 27. Ne2 Nce6 28. Nhg3 Qf6 29. Nc3 Nc7 30. h4 Nc2 31. Nh5 Qf5 32. Qxf5 Rxf5 33. g4 Nxe1 34. gxf5 Nf3+ 35. Kf1 Bxc3 36. hxg5 hxg5 37. b5 Bd4 38. b6 axb6 39. cxb6 Bxb6 40. Nf6+ Kf7 41. Nxd5 Nxd5 42. Rxd5 g4 43. Rd7+ Ke8 44. Rb7 Nd2+ 45. Ke2 Nc4 46. a4 Kf8 47. Rxb6 Nxb6 48. a5 Nc8 49. Ke3 Na7 50. Kxe4 Nc6 51. a6 Kf7 52. Kf4 Kf6 53. Kxg4 Na7 54. Kf4 Nc6 55. Ke4 Kf7 56. Ke3 Kf6 57. Kf4 Na7 58. f3 Nc6 59. Ke4 Kf7 60. Ke3 Kf6 61. Kd2 Kxf5 62. Kc3 Ke5 63. Kc4 Kd6 64. f4 Kc7 65. Kd5 Nb4+ 66. Ke6 Nxa6 1/2-1/2

[Event "SWE-chT 1819 Superettan"]
[Site "Sweden"]
[Date "2019.03.30"]
[Round "8"]
[White "Andersson, Bjorn2222"]
[Black "Sevastianov, Andrii"]
[Result "1/2-1/2"]
[WhiteElo "2162"]
[BlackElo "2112"]
[PlyCount "156"]
[EventDate "2018.11.09"]
[EventType "team-tourn"]
[EventRounds "9"]
[EventCountry "SWE"]
[SourceTitle "EXT 2020"]
[Source "ChessBase"]
[SourceDate "2019.10.17"]
[SourceVersion "1"]
[SourceVersionDate "2019.10.17"]
[SourceQuality "1"]
[WhiteTeam "Burgsvik Alva"]
[BlackTeam "Vaxjo"]
[WhiteTeamCountry "SWE"]
[BlackTeamCountry "SWE"]

1. e4 e5 2. Nf3 Nc6 3. d4 exd4 4. Bb5 a6 5. Ba4 Nf6 6. 0-0 Be7 7. e5 Ne4 8. Re1 Nc5 9. Bxc6 dxc6 10. Nxd4 Ne6 11. Be3 Nxd4 12. Qxd4 Qxd4 13. Bxd4 c5 14. Be3 c4 15. Nc3 Bb4 16. Nd5 Ba5 17. Red1 c6 18. Nb6 Bxb6 19. Bxb6 0-0 20. Rd6 Bf5 21. c3 Rfe8 22. f4 g5 23. g3 gxf4 24. gxf4 Re6 25. Kf2 Rg6 26. Rg1 Rxg1 27. Kxg1 Re8 28. Rd4 Be6 29. Kf2 f5 30. exf6 Kf7 31. Bd8 Bd5 32. Be7 Rg8 33. f5 Rg2+ 34. Ke3 Rxh2 35. Rg4 Ke8 36. Bd6 Rh3+ 37. Kd4 Rf3 38. Bf4 h5 39. Rh4 Bf7 40. Ke5 Rd3 41. Rh2 Rd7 42. Be3 c5 43. Kf4 b6 44. Kg5 Kd8 45. Bf4 Kc8 46. Re2 Kb7 47. Re6 b5 48. Be3 b4 49. cxb4 cxb4 50. Rb6+ Kc7 51. Rxb4 Rd3 52. Bf4+ Kc6 53. Rb8 Rd5 54. Be3 h4 55. Rb6+ Kd7 56. Rxa6 h3 57. Bf4 Rd2 58. Ra7+ Ke8 59. Re7+ Kf8 60. Bxd2 h2 61. Bb4 Kg8 62. Re1 Bd5 63. Bc3 h1Q 64. Rxh1 Bxh1 65. Kf4 Kf7 66. Ke5 Bb7 67. Kd4 Kxf6 68. Kxc4+ Kxf5 69. Kc5 Ke6 70. Kb6 Bd5 71. a4 Kd7 72. b4 Kc8 73. Be5 Bb3 74. a5 Bc4 75. Kc6 Be2 76. Kb6 Bf1 77. a6 Be2 78. Kc5 Bxa6 1/2-1/2

[Event "SWE-chT 1819 Superettan"]
[Site "Sweden"]
[Date "2019.01.12"]
[Round "4"]
[White "Rasti, Arvin"]
[Black "Sevastianov, Andrii"]
[Result "1-0"]
[WhiteElo "1863"]
[BlackElo "2112"]
[PlyCount "139"]
[EventDate "2018.11.09"]
[EventType "team-tourn"]
[EventRounds "9"]
[EventCountry "SWE"]
[SourceTitle "EXT 2020"]
[Source "ChessBase"]
[SourceDate "2019.10.17"]
[SourceVersion "1"]
[SourceVersionDate "2019.10.17"]
[SourceQuality "1"]
[WhiteTeam "Manhem"]
[BlackTeam "Vaxjo"]
[WhiteTeamCountry "SWE"]
[BlackTeamCountry "SWE"]

1. d4 d5 2. c4 e6 3. Nc3 Nf6 4. Bg5 Be7 5. e3 Nbd7 6. Nf3 h6 7. Bh4 0-0 8. Rc1 c5 9. cxd5 Nxd5 10. Bxe7 Nxe7 11. Be2 cxd4 12. Qxd4 Nc6 13. Qa4 Nf6 14. 0-0 Qe7 15. Rfd1 e5 16. Bb5 Bd7 17. Ne4 Nxe4 18. Qxe4 f6 19. Bc4+ Be6 20. Nh4 Qf7 21. Bxe6 Qxe6 22. Nf5 Ne7 23. Qc4 Qxc4 24. Nxe7+ Kf7 25. Rxc4 Kxe7 26. Rc7+ Ke6 27. Rxg7 Rfd8 28. Rxd8 Rxd8 29. Kf1 Rd1+ 30. Ke2 Ra1 31. a3 b5 32. Rxa7 Ra2 33. Ra6+ Kf5 34. Kf3 Rxb2 35. g4+ Kg6 36. h4 b4 37. h5+ Kg5 38. Kg3 Rb3 39. axb4 Rxb4 40. f3 Rb3 41. Ra8 f5 42. Rg8+ Kf6 43. Rg6+ Kf7 44. gxf5 Rxe3 45. Rxh6 e4 46. Kf4 Rxf3+ 47. Kxe4 Rf1 48. Rh7+ Kf6 49. Rh6+ Kf7 50. Rg6 Rh1 51. Ra6 Rf1 52. Ra3 Kf6 53. Ra6+ Kf7 54. h6 Re1+ 55. Kd4 Rd1+ 56. Ke3 Rf1 57. h7 Rh1 58. Kf4 Rf1+ 59. Ke4 Re1+ 60. Kd5 Rd1+ 61. Ke5 Re1+ 62. Kd6 Rd1+ 63. Kc7 Rh1 64. Rd6 Rc1+ 65. Kd8 Rh1 66. Rd7+ Kf6 67. Ke8 Kxf5 68. Kf8 Kf6 69. Rf7+ Kg6 70. Kg8 1-0

[Event "SWE-chT 1718 Superettan"]
[Site "Sweden"]
[Date "2018.03.18"]
[Round "9"]
[White "Haitin, Ilja"]
[Black "Sevastianov, Andrii"]
[Result "1-0"]
[WhiteElo "2290"]
[BlackElo "2143"]
[PlyCount "55"]
[EventDate "2017.10.20"]
[EventType "team-tourn"]
[EventRounds "9"]
[EventCountry "SWE"]
[SourceTitle "EXT 2019"]
[Source "ChessBase"]
[SourceDate "2018.10.10"]
[SourceVersion "1"]
[SourceVersionDate "2018.10.10"]
[SourceQuality "1"]
[WhiteTeam "Burgsvik Alva"]
[BlackTeam "Vaxjo"]
[WhiteTeamCountry "SWE"]
[BlackTeamCountry "SWE"]

1. d4 d5 2. Bf4 Nf6 3. e3 e6 4. Nf3 Bd6 5. Bg3 0-0 6. Bd3 b6 7. Nbd2 c5 8. c3 Ba6 9. Bc2 cxd4 10. exd4 Nc6 11. Ne5 Qc7 12. f4 Ne7 13. Kf2 Nf5 14. Re1 Ne8 15. Ndf3 Nxg3 16. hxg3 f5 17. Ng5 Bc8 18. Nxh7 Kxh7 19. Qh5+ Kg8 20. Rh1 Bxe5 21. fxe5 Nf6 22. exf6 Rxf6 23. Qe8+ Rf8 24. Rh8+ Kxh8 25. Qxf8+ Kh7 26. Ba4 b5 27. Bxb5 Bd7 28. Qf7 1-0

[Event "SWE Cup"]
[Site "Sweden"]
[Date "2017.03.24"]
[Round "7.1"]
[White "Sevastianov, Andrii"]
[Black "Tiger Norqvist, Axel"]
[Result "1/2-1/2"]
[WhiteElo "2172"]
[BlackElo "2109"]
[PlyCount "99"]
[EventDate "2017.01.14"]
[EventType "team-tourn"]
[EventRounds "9"]
[EventCountry "SWE"]
[SourceTitle "EXT 2018"]
[Source "ChessBase"]
[SourceDate "2017.10.13"]
[SourceVersion "1"]
[SourceVersionDate "2017.10.13"]
[SourceQuality "1"]
[WhiteTeam "Vaxjo"]
[BlackTeam "Horndal"]
[WhiteTeamCountry "SWE"]
[BlackTeamCountry "SWE"]

1. c4 Nf6 2. g3 g6 3. Bg2 Bg7 4. Nc3 0-0 5. e4 d6 6. Nge2 c5 7. 0-0 Nc6 8. d3 Ne8 9. Be3 Nc7 10. d4 cxd4 11. Nxd4 Rb8 12. Qd2 Ne5 13. b3 Ng4 14. Rfd1 Nxe3 15. Qxe3 Bd7 16. Rac1 a6 17. Nf3 Bc6 18. c5 Ne6 19. cxd6 exd6 20. Rc2 Re8 21. Rcd2 Qa5 22. Nd5 Bxd5 23. Rxd5 Qxa2 24. Rxd6 Qa3 25. Bf1 Qb4 26. Bc4 Re7 27. Bxe6 fxe6 28. Qd3 Rf8 29. Rd8 Ref7 30. Rxf8+ Rxf8 31. Kg2 Qb6 32. h4 h6 33. Qc4 Kh7 34. Rd7 e5 35. Qd5 Qf6 36. Qd3 Rf7 37. Rxf7 Qxf7 38. Qd5 Qc7 39. h5 gxh5 40. Nh4 Qc6 41. Qxc6 bxc6 42. Kf3 Bf8 43. Ke2 Bd6 44. Kd3 Bc7 45. f3 Bb6 46. Ke2 Bd8 47. Kd3 Bb6 48. Ke2 Bd8 49. Kd3 Bb6 50. Ke2 1/2-1/2

[Event "SWE-chT 1516 Superettan"]
[Site "Sweden"]
[Date "2015.11.07"]
[Round "2"]
[White "Sevastianov, Andrii"]
[Black "Svensson, Mans"]
[Result "0-1"]
[WhiteElo "2149"]
[BlackElo "2148"]
[PlyCount "86"]
[EventDate "2015.11.06"]
[EventType "team-tourn"]
[EventRounds "9"]
[EventCountry "SWE"]
[SourceTitle "EXT 2018"]
[Source "ChessBase"]
[SourceDate "2017.10.13"]
[SourceVersion "1"]
[SourceVersionDate "2017.10.13"]
[SourceQuality "1"]
[WhiteTeam "Vaxjo"]
[BlackTeam "Upsala"]
[WhiteTeamCountry "SWE"]
[BlackTeamCountry "SWE"]

1. c4 e5 2. g3 Nc6 3. Nc3 f5 4. Bg2 Nf6 5. d3 Bb4 6. Bd2 0-0 7. a3 Bxc3 8. Bxc3 d6 9. e4 Qe8 10. Ne2 Qh5 11. f3 Qg6 12. Qd2 Bd7 13. 0-0 Rae8 14. b4 Be6 15. b5 Nd8 16. c5 Bd7 17. cxd6 cxd6 18. Qb2 Nf7 19. exf5 Bxf5 20. d4 Nd5 21. dxe5 dxe5 22. Bd2 Bd3 23. Rf2 Rc8 24. Rc1 Qb6 25. Bh3 Rxc1+ 26. Nxc1 Bxb5 27. Be6 Qxe6 28. Qxb5 Nb6 29. Nd3 Qc4 30. Qxc4 Nxc4 31. Nc5 Rd8 32. Bb4 Ng5 33. Rc2 Nh3+ 34. Kg2 Ne3+ 35. Kxh3 Nxc2 36. Nxb7 Rd3 37. Bc5 Rxf3 38. Nd6 a5 39. Kg4 Rc3 40. Ne4 Rb3 41. Kf5 Nxa3 42. Kxe5 a4 43. Bd6 Nc4+ 0-1

[Event "SWE-chT 1415 Superettan"]
[Site "Sweden"]
[Date "2015.03.21"]
[Round "8"]
[White "Sevastianov, Andrii"]
[Black "Faldt, Magnus"]
[Result "0-1"]
[WhiteElo "2071"]
[BlackElo "2194"]
[PlyCount "76"]
[EventDate "2014.11.21"]
[EventType "team-tourn"]
[EventRounds "9"]
[EventCountry "SWE"]
[SourceTitle "EXT 2018"]
[Source "ChessBase"]
[SourceDate "2017.10.13"]
[SourceVersion "1"]
[SourceVersionDate "2017.10.13"]
[SourceQuality "1"]
[WhiteTeam "Vaxjo"]
[BlackTeam "Norrkoping Schack 08"]
[WhiteTeamCountry "SWE"]
[BlackTeamCountry "SWE"]

1. c4 c6 2. g3 d5 3. Bg2 Nf6 4. Nf3 Bf5 5. cxd5 cxd5 6. Qb3 Qb6 7. Qxb6 axb6 8. Nc3 Nc6 9. Nb5 Rc8 10. d3 e5 11. 0-0 Be7 12. Bd2 0-0 13. Rac1 h6 14. a3 Rfd8 15. Nc3 Be6 16. e4 d4 17. Na4 Nd7 18. b4 Bb3 19. Nb2 b5 20. Bh3 Ra8 21. Ra1 Nb6 22. Bc1 Bxb4 23. Bxh6 Bc3 24. Bc1 b4 25. Nd2 bxa3 26. Nxb3 axb2 27. Bxb2 Bxb2 28. Rab1 Na4 29. f4 Ba3 30. Nd2 Nb2 31. fxe5 Nxe5 32. Rf5 Nbxd3 33. Rxb7 Rab8 34. Rc7 Bd6 35. Ra7 Ra8 36. Rb7 Rdb8 37. Nc4 Ra1+ 38. Kg2 Rxb7 0-1

[Event "Vaxjo op"]
[Site "Vaxjo"]
[Date "2015.02.15"]
[Round "7"]
[White "Sevastianov, Andrii"]
[Black "Schneider, Stefan"]
[Result "1/2-1/2"]
[WhiteElo "2071"]
[BlackElo "2387"]
[PlyCount "58"]
[EventDate "2015.02.13"]
[EventType "swiss"]
[EventRounds "8"]
[EventCountry "SWE"]
[SourceTitle "CBM 164 Extra"]
[Source "ChessBase"]
[SourceDate "2015.03.02"]
[SourceVersion "1"]
[SourceVersionDate "2015.03.02"]
[SourceQuality "1"]

1. c4 Nf6 2. g3 c6 3. Bg2 d5 4. Nf3 Bf5 5. cxd5 cxd5 6. Qb3 Bc8 7. d3 Nc6 8. Bf4 e6 9. Nc3 Bd6 10. Bxd6 Qxd6 11. 0-0 0-0 12. e4 Rd8 13. Rac1 Qb4 14. Qc2 d4 15. a3 Qe7 16. Na4 e5 17. Nd2 h5 18. h4 Bg4 19. f3 Bd7 20. Nc5 Be8 21. Bh3 b6 22. Na6 Qb7 23. Nb4 Nxb4 24. axb4 Bd7 25. Bxd7 Qxd7 26. Qc7 Qb5 27. Qc4 Qd7 28. Qc7 Qb5 29. Qc4 Qd7 1/2-1/2

[Event "SWE-chT 1415 Superettan"]
[Site "Sweden"]
[Date "2015.01.17"]
[Round "4"]
[White "Landgren, Philip"]
[Black "Sevastianov, Andrii"]
[Result "1/2-1/2"]
[WhiteElo "2247"]
[BlackElo "2071"]
[PlyCount "67"]
[EventDate "2014.11.21"]
[EventType "team-tourn"]
[EventRounds "9"]
[EventCountry "SWE"]
[SourceTitle "EXT 2018"]
[Source "ChessBase"]
[SourceDate "2017.10.13"]
[SourceVersion "1"]
[SourceVersionDate "2017.10.13"]
[SourceQuality "1"]
[WhiteTeam "Manhem"]
[BlackTeam "Vaxjo"]
[WhiteTeamCountry "SWE"]
[BlackTeamCountry "SWE"]

1. Nf3 Nf6 2. c4 c5 3. Nc3 Nc6 4. e3 g6 5. d4 cxd4 6. exd4 d5 7. cxd5 Nxd5 8. Qb3 Nxc3 9. Bc4 Nd5 10. Bxd5 e6 11. Bxc6+ bxc6 12. 0-0 Qd5 13. Bf4 Qxb3 14. axb3 f6 15. Rfc1 g5 16. Be3 Bb7 17. Nd2 h5 18. Nc4 Rh7 19. Ra4 Rc7 20. Rca1 a6 21. Na5 Bd6 22. Rc4 Kd7 23. b4 Rb8 24. Nb3 Bc8 25. Bd2 Rb5 26. Nc5+ Bxc5 27. dxc5 e5 28. Bc3 Ke7 29. Re4 h4 30. Rd1 Rd7 31. Rxd7+ Bxd7 32. h3 Rb8 33. Re1 Rd8 34. Rd1 1/2-1/2

[Event "Malmo op"]
[Site "Malmo"]
[Date "2014.12.13"]
[Round "4"]
[White "Ahlander, Bjorn"]
[Black "Sevastianov, Andrii"]
[Result "1/2-1/2"]
[WhiteElo "2411"]
[BlackElo "1850"]
[PlyCount "78"]
[EventDate "2014.12.12"]
[EventType "swiss"]
[EventRounds "7"]
[EventCountry "SWE"]
[SourceTitle "EXT 2016"]
[Source "ChessBase"]
[SourceDate "2015.10.08"]
[SourceVersion "1"]
[SourceVersionDate "2015.10.08"]
[SourceQuality "1"]

1. e4 e5 2. Nf3 Nc6 3. Bc4 Bc5 4. c3 Nf6 5. d3 0-0 6. 0-0 d5 7. exd5 Nxd5 8. Re1 Nb6 9. Bb3 Bg4 10. h3 Bh5 11. Be3 Bxe3 12. Rxe3 Nd5 13. Bxd5 Qxd5 14. Nbd2 Rad8 15. Qa4 Bg6 16. Ne4 Bxe4 17. dxe4 Qe6 18. Qb3 Qxb3 19. axb3 Rd6 20. b4 a6 21. Kf1 Rfd8 22. Ke2 f6 23. Rc1 Kf7 24. Rc2 Na7 25. Nd2 Nb5 26. Nb3 b6 27. Rc1 c6 28. Ra1 Nc7 29. c4 c5 30. bxc5 bxc5 31. Nxc5 Rd2+ 32. Ke1 Rxb2 33. Re2 Rb4 34. Rc2 Rd4 35. f3 Rbxc4 36. Rxc4 Rxc4 37. Nxa6 Nxa6 38. Rxa6 Rc2 39. Kf1 h5 1/2-1/2

[Event "Malmo op"]
[Site "Malmo"]
[Date "2014.12.13"]
[Round "5"]
[White "Sevastianov, Andrii"]
[Black "Bellon Lopez, Juan Manuel"]
[Result "1/2-1/2"]
[WhiteElo "1850"]
[BlackElo "2381"]
[PlyCount "110"]
[EventDate "2014.12.12"]
[EventType "swiss"]
[EventRounds "7"]
[EventCountry "SWE"]
[SourceTitle "EXT 2016"]
[Source "ChessBase"]
[SourceDate "2015.10.08"]
[SourceVersion "1"]
[SourceVersionDate "2015.10.08"]
[SourceQuality "1"]

1. c4 c5 2. g3 Nc6 3. Bg2 g6 4. Nc3 Bg7 5. Nf3 Nd4 6. e3 Nxf3+ 7. Bxf3 Nh6 8. 0-0 Nf5 9. a3 0-0 10. b4 d6 11. Bb2 Rb8 12. Qc2 Be6 13. Nd5 Bxd5 14. Bxd5 e6 15. Bxg7 Kxg7 16. Be4 Ne7 17. Qc3+ f6 18. bxc5 dxc5 19. d4 cxd4 20. exd4 Qc7 21. Rfe1 Rfd8 22. Bf3 Nf5 23. Rxe6 Nxd4 24. Re4 Qc5 25. Rae1 Nxf3+ 26. Qxf3 Rd7 27. Re6 Rf8 28. R1e4 Qc7 29. Rf4 Qd8 30. c5 Rff7 31. a4 Rd3 32. Qe4 Rd5 33. c6 bxc6 34. Rxc6 Qd7 35. Qe6 Rd1+ 36. Kg2 Qxe6 37. Rxe6 f5 38. h4 Rc7 39. h5 Rd5 40. hxg6 hxg6 41. g4 fxg4 42. Rxg4 g5 43. f4 Kf7 44. Re3 Rc4 45. Rxg5 Rxg5+ 46. fxg5 Rxa4 47. Re5 Ra1 48. Kf2 a5 49. Ke2 a4 50. Kd2 a3 51. Kc2 Kg6 52. Ra5 a2 53. Kb2 Rg1 54. Kxa2 Rxg5 55. Rxg5+ Kxg5 1/2-1/2